El justiprecio de la expropiación forzosa: estudio de su determinación y pago. Valoraciones urbanísticas. Revisado y actualizado conforme al texto refundido de la Ley de Suelo de 2015 y jurisprudencia reciente
Збережено в:
| Автор: | |
|---|---|
| Формат: | Книга |
| Мова: | Іспанська |
| Опубліковано: |
Granada
Comares S.L
2018
|
| Редагування: | 8a. ed |
| Серія: | Biblioteca Comares de Ciencia Jurídica, 9
|
| Предмети: | |
| Теги: |
Додати тег
Немає тегів, Будьте першим, хто поставить тег для цього запису!
|
MARC
| LEADER | 00000cam a2200000 a 4500 | ||
|---|---|---|---|
| 001 | UCB0293 | ||
| 003 | CL-VaPUC | ||
| 005 | 20210511001428.0 | ||
| 008 | 191227e20180000sp spa d | ||
| 020 | |a 9788490456552 | ||
| 082 | 0 | 4 | |a 343.025 |b GAR |2 21 |
| 100 | |a García Gómez de Mercado, Francisco |e author |9 608587 | ||
| 245 | 1 | 3 | |a El justiprecio de la expropiación forzosa: estudio de su determinación y pago. Valoraciones urbanísticas. Revisado y actualizado conforme al texto refundido de la Ley de Suelo de 2015 y jurisprudencia reciente |
| 250 | |a 8a. ed | ||
| 260 | |a Granada |b Comares S.L |c 2018 | ||
| 300 | |a 451 p | ||
| 490 | 0 | |a Biblioteca Comares de Ciencia Jurídica, 9 | |
| 583 | |a last modification |c 20191227 14:41:00 |k cmena | ||
| 650 | 0 | 7 | |a EXPROPIACION FORZOSA |2 CL-VaPUC |9 256131 |
| 650 | 0 | 0 | |a Derecho procesal penal |9 255496 |
| 650 | 0 | 0 | |a Bienes |9 255749 |
| 650 | 0 | 7 | |a REMATE |2 CL-VaPUC |9 430765 |
| 942 | |c BK | ||
| 945 | |a dcastane |d 20191227 14:41:00 | ||
| 546 | |a En Español | ||
| 999 | |c 375981 |d 375979 | ||
| 952 | |0 0 |1 0 |3 erb |4 0 |6 343_025000000000000_GAR_2018 |7 0 |8 A |9 495171 |a BIBDER |b BIBDER |i 5570808 |l 1 |o 343.025 GAR 2018 |p 5570808 |r 2023-01-25 |s 2021-06-10 |y BK |z Catalogado en:20191227 |k DER | ||